000 00480nam a2200181Ia 4500
005 20250326125226.0
008 250326s9999 xx 000 0 und d
037 _aTextbook
040 _aFMSL
_beng
_cFMSL
041 _aeng
_2eng
084 _aX5:51 L12
_qFMSL
100 _aGoldmann H M
245 0 _aHow to win customers
_cGoldmann H M
260 _aLondon
_bLondon, Pan Books
_c1971
300 _a325p
942 _cTB
_hX5:51 L12
999 _c1277090
_d1277090